000 00641nam a2200241Ia 4500
003 OSt
005 20221006151817.0
006 a|||||r|||| 00| 0
007 ta
008 221006b |||||||| |||| 00| 0 eng d
024 _a23,451
037 _cTextual
040 _aEASL
_cEASL
_beng
041 _2eng
_aeng
082 _aP41:4k, M0
100 _aTao Fengtong
_9660053
245 0 _aChinese-English expressions for travellers
260 _aBeijing
_bChina Travel and Tourism Press China
_c1980
300 _a86p.
_ccm.
650 _aCEL
942 _hP41:4k, M0
_cTEXL
_2CC
999 _c1091537
_d1091537